The noble scholar, jurist, historian


 His Excellency Dr. Abdul Wahhab bin Ibrahim Abu Sulaiman, may Allah have mercy on him.


 He was born in Umm Al-Qura in the year 1356 AH.

خلاصة تذهيب تهذيب الكمال في أسماء الرجال/ (Record no. 710)

MARC details
000 -LEADER
fixed length control field 02273cam a22003251i 4500
003 - CONTROL NUMBER IDENTIFIER
control field SA-RiAUC
005 - DATE AND TIME OF LATEST TRANSACTION
control field 20240930144524.0
008 - FIXED-LENGTH DATA ELEMENTS--GENERAL INFORMATION
fixed length control field 240924s2008____le g 00000cara c
040 ## - CATALOGING SOURCE
Original cataloging agency SA-RiAUC
Language of cataloging ara
Transcribing agency SA-RiAUC
Description conventions rda
082 04 - DEWEY DECIMAL CLASSIFICATION NUMBER
Classification number 234.8
Assigning agency SA-RiAUC
090 ## - LOCALLY ASSIGNED LC-TYPE CALL NUMBER (OCLC); LOCAL CALL NUMBER (RLIN)
Classification number (OCLC) (R) ; Classification number, CALL (RLIN) (NR) 234.6
Local cutter number (OCLC) ; Book number/undivided call number, CALL (RLIN) خ ز ر
100 1# - MAIN ENTRY--PERSONAL NAME
Personal name الخزرجي، أحمد بن عبد الله بن أبي الخير،
Dates associated with a name 900-توفي بعد 923 هجري
Relator term مؤلف.
245 10 - TITLE STATEMENT
Title خلاصة تذهيب تهذيب الكمال في أسماء الرجال/
Statement of responsibility, etc. صفي الدين أحمد بن عبد الله الخزرجي الأنصاري اليمني. وعليه، إتحاف الخاصة بتصحيح الخلاصة / علي بن صلاح الدين الكوكباني الصنعاني ؛ قدم له واعتنى بنشره عبد الفتاح أبو غدة.
246 ## - VARYING FORM OF TITLE
Title proper/short title إتحاف الخاصة بتصحيح الخلاصة
250 ## - EDITION STATEMENT
Edition statement الطبعة الرابعة.
264 #1 - PRODUCTION, PUBLICATION, DISTRIBUTION, MANUFACTURE, AND COPYRIGHT NOTICE
Place of production, publication, distribution, manufacture بيروت :
Name of producer, publisher, distributor, manufacturer مكتب المطبوعات الإسلامية،
Date of production, publication, distribution, manufacture, or copyright notice 1990
300 ## - PHYSICAL DESCRIPTION
Extent 40 ،500 صفحة ؛
Dimensions 25 سم
336 ## - CONTENT TYPE
Content type term نص
Content type code txt
Source rdacontent
Materials specified كتاب
337 ## - MEDIA TYPE
Media type term بدون وسيط
Media type code n
Source rdamedia
338 ## - CARRIER TYPE
Carrier type term مجلد
Carrier type code nc
Source rdacarrier
650 #7 - SUBJECT ADDED ENTRY--TOPICAL TERM
Topical term or geographic name entry element الأسماء والكنى والألقاب والأنساب في الحديث
Source of heading or term aucsh
650 #7 - SUBJECT ADDED ENTRY--TOPICAL TERM
Topical term or geographic name entry element طبقات رواة الحديث وحفاظه
Form subdivision تراجم
Source of heading or term aucsh
700 1# - ADDED ENTRY--PERSONAL NAME
Personal name أبو غدة، عبد الفتاح بن محمد بن بشير،
Dates associated with a name 1917-1997
Relator term مقدم.
700 12 - ADDED ENTRY--PERSONAL NAME
Relationship information تهذيب لـ (عمل) :
Personal name الجماعيلي، عبد الغني بن عبد الواحد بن علي،
Dates associated with a name 541-600 هجري.
Title of a work الكمال في أسماء الرجال.
700 12 - ADDED ENTRY--PERSONAL NAME
Relationship information تهذيب لـ (عمل) :
Personal name الذهبي، محمد بن أحمد بن عثمان،
Dates associated with a name 673-748 هجري.
Title of a work تذهيب تهذيب الكمال في أسماء الرجال
700 12 - ADDED ENTRY--PERSONAL NAME
Relationship information تهذيب لـ (عمل) :
Personal name الحافظ المزي، يوسف بن عبد الرحمن بن يوسف،
Dates associated with a name 654-742 هجري.
Title of a work تهذيب الكمال في أسماء الرجال
700 12 - ADDED ENTRY--PERSONAL NAME
Relationship information مع (عمل) :
Personal name الكوكباني، علي بن صلاح الدين علي،
Dates associated with a name 1120-1191 هجري
Title of a work إتحاف الخاصة بتصحيح الخلاصة
942 ## - ADDED ENTRY ELEMENTS (KOHA)
Source of classification or shelving scheme Dewey Decimal Classification
Koha item type Books
Suppress in OPAC No
949 ## - LOCAL PROCESSING INFORMATION (OCLC)
a SA-JeALM
d 240924
u mohamedma123
n 1
Holdings
Withdrawn status Lost status Source of classification or shelving scheme Damaged status Not for loan Home library Current library Date acquired Total checkouts Full call number Barcode Date last seen Price effective from Koha item type
    Dewey Decimal Classification     DR AbdElwahab Library DR AbdElwahab Library 09/30/2024   234.6 خ ز ر 000001135 09/30/2024 09/30/2024 Books